000 00700nam a22002417a 4500
003 UA-OsUOA
001 27173
007 ta
008 20040617b un ||||| |||| 00| 0 ukr d
090 _a336.01(075.8)
_bД41
942 _cBK
040 _aUA-OsUOA
_bukr
_cUA-OsUOA
_dUA-OsUOA
245 _aДержавні фінанси в транзитивній економіці
_bНавчальний посібник
_cРед. М.І.Карлін Л.М.Горбач Л.Я.Новосад
300 _a220 с.
955 _a0
041 _aukr
080 _a336.01(075.8)
020 _a966-7982-31-9
260 _aКиїв
_bКондор
_c2003
044 _aUA
650 7 _2UDC
999 _c313515
_d313515